01325cam a22003372 b450000100090000000300040000900500170001300600190003000700150004900800410006402000180010502000180012302400180014103500260015903700250018504000190021008200200022910000420024921000570029124500800034826000370042844000850046550600430055052100390059377300550063285601380068791000400082594200130086599900180087895200910089610192311OSt20150408114203.0m d cr n 120531e20121017njua s|||||||| 2|eng|d a9789400750111 a97894007501423 a9789400750111 a(WaSeSS)ssj0000800212 a9400750110b00024965 aBIP USdWaSeSS00a535.84223bKYR1 aKalmykov, Yuri P.eEditor4edt94202710aRecent Advances in Broadband Dielectric Spectroscopy10aRecent Advances in Broadband Dielectric Spectroscopyh[electronic resource] aNew York : bSpringercOct. 2012 0aNATO Science for Peace and Security Series B: Physics and Biophysics Ser.918294 aLicense restrictions may limit access. aScholarly & ProfessionalbSpringer 0tSpringerLink ebooks - Physics and Astronomy (2013)40uhttp://www.columbia.edu/cgi-bin/cul/resolve?clio10192311zFull text available from SpringerLink ebooks - Physics and Astronomy (2013) aBowker Global Books in Print record 2ddccDVD c33123d267623 1022014-01-114070a535.84 KYRd2014-01-11hCLmCLr2014-01-11 00:00:00tBOOKwddcy0